000 00436nam a22001457a 4500
020 _a8123914156
082 _a660.63
_bSHA/BI
100 _aSharma H.K.
_9983
100 _aKukreja V.
_91187
100 _aPandey H.
_91188
245 _aObjective Questions and Answers in Biochemical Engineering, Biochemistry, Biotechnology and Microbiology
260 _aNew Delhi
_bCBS Publishers and Distributors
_c2007
300 _a508
942 _cBK
999 _c14678
_d14678